|
|
|
|
| LEADER |
01612cas a2200241 a 4500 |
| 001 |
AALejournalIMF007599 |
| 008 |
230101c9999 xx r poo 0 0eng d |
| 020 |
|
|
|c 5.00 USD
|
| 020 |
|
|
|z 9781451953169
|
| 022 |
|
|
|a 1018-5941
|
| 040 |
|
|
|a BD-DhAAL
|c BD-DhAAL
|
| 100 |
1 |
|
|a Dixit, Avinash.
|
| 245 |
1 |
4 |
|a The Optimal Mix of Inflationary Finance and Commodity Taxation with Collection Lags /
|c Avinash Dixit.
|
| 264 |
|
1 |
|a Washington, D.C. :
|b International Monetary Fund,
|c 1990.
|
| 300 |
|
|
|a 1 online resource (16 pages)
|
| 490 |
1 |
|
|a IMF Working Papers
|
| 500 |
|
|
|a <strong>Off-Campus Access:</strong> No User ID or Password Required
|
| 500 |
|
|
|a <strong>On-Campus Access:</strong> No User ID or Password Required
|
| 506 |
|
|
|a Electronic access restricted to authorized BRAC University faculty, staff and students
|
| 520 |
3 |
|
|a When there are collection lags in the tax system, inflation reduces the real revenues. This is often offered as an argument for less reliance on the inflation tax. But the optimal rates of other taxes should also be reconsidered in the light of collection lags. When this is done, the focus shifts from the revenues (which can be recouped by changing the rates of these taxes), to the associated costs of collection. In a benchmark case where the average costs of collection are constant, the optimal inflation tax is independent of the collection lag.
|
| 538 |
|
|
|a Mode of access: Internet
|
| 830 |
|
0 |
|a IMF Working Papers; Working Paper ;
|v No. 1990/087
|
| 856 |
4 |
0 |
|z Full text available on IMF
|u http://elibrary.imf.org/view/journals/001/1990/087/001.1990.issue-087-en.xml
|z IMF e-Library
|